000 00225nam a2200121Ia 4500
100 _a#N/A
650 _aMangement
942 _cBK
654 _atime
245 _aTime Management
260 _b#N/A
_c2008
546 _aENGLISH
999 _c33005
_d33005